| 000 | 00547nam a2200193 a 4500 | ||
|---|---|---|---|
| 005 | 20140310183216.0 | ||
| 008 | 030620s19uu xx 00 eng d | ||
| 020 | _a0471106615 | ||
| 050 |
_aHG 4521 _b.P58 1995 |
||
| 245 |
_aThe Portable MBA in investment / _cPeter L. Bernstein. |
||
| 260 |
_aNew York : _bJohn Wiley & Sons, Inc, _c1995. |
||
| 300 |
_a442 cm. _bill. ; _c25 cm. |
||
| 521 | _aBSBA | ||
| 650 | _aInvestments | ||
| 650 | _aPortfolio management | ||
| 650 | _aInstitutional investments | ||
| 942 |
_cBK _2lcc _kFOR |
||
| 999 |
_c20244 _d20244 |
||